ბათუმის შოთა რუსთაველის სახელმწიფო უნივერსიტეტის ბიბლიოთეკა

წმინდა ილარიონ ქართველი. (ბიბ.ჩანაწერი № 40690)

000 -LEADER
fixed length control field 00785nam a2200229Ia 4500
001 - CONTROL NUMBER
control field 7325
003 - CONTROL NUMBER IDENTIFIER
control field GE_BSU
008 - FIXED-LENGTH DATA ELEMENTS--GENERAL INFORMATION
fixed length control field 181216s||||||||xx |||||||||||||| ||und||
020 ## - INTERNATIONAL STANDARD BOOK NUMBER
International Standard Book Number 9789941211522
040 ## - CATALOGING SOURCE
Transcribing agency GE_BSU
080 ## - UNIVERSAL DECIMAL CLASSIFICATION NUMBER
Universal Decimal Classification number 27-36
245 ## - TITLE STATEMENT
Title წმინდა ილარიონ ქართველი.
245 ## - TITLE STATEMENT
Statement of responsibility, etc. შემდგ.: კახაბერ კენკიშვილი. პროექტის რედ.: თამარ მამაცაშვილი.
250 ## - EDITION STATEMENT
Edition statement ISSN: 22980547
260 ## - PUBLICATION, DISTRIBUTION, ETC.
Place of publication, distribution, etc. თბილისი.
260 ## - PUBLICATION, DISTRIBUTION, ETC.
Name of publisher, distributor, etc. პალიტრა L.
260 ## - PUBLICATION, DISTRIBUTION, ETC.
Date of publication, distribution, etc. 2013.
300 ## - PHYSICAL DESCRIPTION
Extent 175 გვ.; ილ.; 20 სმ.
653 ## - INDEX TERM--UNCONTROLLED
Uncontrolled term წმინდა ილარიონ ქართველი.
942 ## - ADDED ENTRY ELEMENTS (KOHA)
Koha item type წიგნი
ეგზემპლარები
Withdrawn status Lost status Damaged status Not for loan Date acquired Barcode Date last seen Price effective from Koha item type
        2018-12-17 18660 2018-12-17 2018-12-17 წიგნი